LEADER 02572nas 2200745-a 450 001 996215362303316 005 20240116213021.0 011 $a1552-4957 035 $a(DE-599)ZDB2180651-2 035 $a(OCoLC)52720050 035 $a(CKB)1000000000019784 035 $a(CONSER)--2004212587 035 $a(EXLCZ)991000000000019784 100 $a20030725a20039999 --- a 101 0 $aeng 135 $aurcnu|||||||| 181 $ctxt$2rdacontent 182 $cc$2rdamedia 183 $acr$2rdacarrier 200 10$aCytometry$hPart B$iClinical cytometry 210 $a[Hoboken, N.J.] $cWiley-Liss, Inc.$d©2003- 215 $a1 online resource 300 $aRefereed/Peer-reviewed 300 $aTitle from table of contents screen (Wiley InterScience; viewed Apr. 7, 2003). 300 $aPublished: [Hoboken, N.J.] : Wiley-Liss, Inc., 2003-July 2005; published: [Hoboken, N.J.] : International Society for Analytical Cytology : [Wiley-Liss], Sept. 2005- 311 $a1552-4949 517 3 $aClinical cytometry 531 $aCYTOMETRY B CLIN CYTOM 531 $aCYTOMETRY PART B 531 $aCYTOM PART B-CLIN CY 531 $aCLIN CY 531 $aCYTOM. PART B-CLIN. CYTOM 531 0 $aCytometry, Part B Clin. cytom. 606 $aFlow cytometry$xDiagnostic use$vPeriodicals 606 $aCytodiagnosis$vPeriodicals 606 $aFlow Cytometry 606 $aCytodiagnosis 606 $aCytodiagnosis$2fast$3(OCoLC)fst00886255 606 $aFlow cytometry$xDiagnostic use$2fast$3(OCoLC)fst00927772 606 $aCytométrie de flux$2rasuqam 606 $aCytodiagnostic$2rasuqam 606 $aUtilisation diagnostique$2rasuqam 608 $aComputer network resources. 608 $aPeriodicals.$2fast 608 $aPeriodicals.$2lcgft 608 $aRessource Internet (Descripteur de forme)$2rasuqam 608 $aPériodique électronique (Descripteur de forme)$2rasuqam 610 $aCytology 615 0$aFlow cytometry$xDiagnostic use 615 0$aCytodiagnosis 615 12$aFlow Cytometry 615 22$aCytodiagnosis 615 7$aCytodiagnosis. 615 7$aFlow cytometry$xDiagnostic use. 615 7$aCytométrie de flux. 615 7$aCytodiagnostic. 615 7$aUtilisation diagnostique. 676 $a616.07 712 02$aInternational Society for Analytical Cytology, 712 02$aClinical Cytometry Society, 712 02$aEuropean Society for Clinical Cell Analysis, 906 $aJOURNAL 912 $a996215362303316 996 $aCytometry$983498 997 $aUNISA LEADER 02953oas 2201141 a 450 001 9910140041503321 005 20260218111812.0 011 $a0975-7619 035 $a(DE-599)ZDB2711764-9 035 $a(OCoLC)513650968 035 $a(CONSER) 2010262125 035 $a(CKB)1000000000812592 035 $a(DE-599)2711764-9 035 $a(EXLCZ)991000000000812592 100 $a20100215a20099999 uy a 101 0 $aeng 135 $aur||||||||||| 181 $ctxt$2rdacontent 182 $cc$2rdamedia 183 $acr$2rdacarrier 200 00$aDrug invention today 210 $a[Madhya Pradesh, India] $c[Drug Invention Today]$d[2009]- 210 31$a[India] :$cReed Elsevier India Pvt. Ltd. 300 $aRefereed/Peer-reviewed 300 $a"An international peer review journal for science and pharmacy professionals." 311 08$a0975-7619 517 1 $aDIT 531 1 $aDrug invent today 606 $aDrug development$vPeriodicals 606 $aDrugs$xDesign$vPeriodicals 606 $aPharmacology$vPeriodicals 606 $aDrug Design 606 $aDrug Discovery 606 $aPharmaceutical Preparations 606 $aPharmacy 606 $aMe?dicaments$xDe?veloppement$vPe?riodiques 606 $aMe?dicaments$xConception$vPe?riodiques 606 $aPharmacologie$vPe?riodiques 606 $aDrug development$2fast$3(OCoLC)fst00898670 606 $aDrugs$xDesign$2fast$3(OCoLC)fst00898790 606 $aPharmacology$2fast$3(OCoLC)fst01060259 608 $aPeriodical. 608 $aFulltext. 608 $aInternet Resources. 608 $aPeriodicals. 608 $aPeriodicals.$2fast 615 0$aDrug development 615 0$aDrugs$xDesign 615 0$aPharmacology 615 2$aDrug Design. 615 2$aDrug Discovery. 615 2$aPharmaceutical Preparations. 615 2$aPharmacy. 615 6$aMe?dicaments$xDe?veloppement 615 6$aMe?dicaments$xConception 615 6$aPharmacologie 615 7$aDrug development. 615 7$aDrugs$xDesign. 615 7$aPharmacology. 801 0$bFQM 801 1$bFQM 801 2$bOCLCQ 801 2$bCGU 801 2$bCUS 801 2$bOCLCQ 801 2$bBUF 801 2$bHTM 801 2$bOCLCF 801 2$bOCLCO 801 2$bOCLCQ 801 2$bOCLCO 801 2$bUAB 801 2$bZ5A 801 2$bOCLCO 801 2$bOCLCQ 801 2$bWY@ 801 2$bOCLCQ 801 2$bEZC 801 2$bU3W 801 2$bAU@ 801 2$bOCLCO 801 2$bLND 801 2$bCASUM 801 2$bWYU 801 2$bOCLCQ 801 2$bOCLCO 801 2$bOCLCA 801 2$bCNTRU 801 2$bOCLCQ 801 2$bOCLCO 801 2$bOCLCA 801 2$bOCLCQ 801 2$bUEJ 801 2$bOCLCQ 906 $aJOURNAL 912 $a9910140041503321 996 $aDrug invention today$91902422 997 $aUNINA